000 00597nam a22001817a 4500
003 UA-OsUOA
001 15304
007 ta
008 20031105b un ||||| |||| 00| 0 ukr d
100 _aВасилишин М.
942 _cSA
040 _aUA-OsUOA
_cUA-OsUOA
_dUA-OsUOA
245 _aГосподиня намоленого міста : [Про Корец. Свято-Троїцький монастир та ігуменію Наталію]
300 _aС.13
955 _a0
773 0 _w0
_tОго
_dРівне
_d2003
_g№117/10 лип./
650 7 _aКраєзнавча робота
_2UDC
999 _c301469
_d301469